Southville International School and Colleges
Your cart is empty.
  • Cart
  • Lists
    Public lists Eva Luna New books Lux_list list_1
    Your lists Log in to create your own lists
  • Log in to your account
  • Your cookies
  • Search history
Southville International School and Colleges
  • Advanced search
  • Recent comments
  • Most popular
  • Libraries

Log in to your account

Log in with GOOGLE


If you do not have an external account, but do have a local account, you can still log in:

  1. Home
  2. MARC view: Water /
Normal view MARC view ISBD view

Water / (Record no. 103177)

[ view plain ]
MARC details
000 -LEADER
fixed length control field 00398nam a2200157 a 4500
005 - DATE AND TIME OF LATEST TRANSACTION
control field 20140412111252.0
008 - FIXED-LENGTH DATA ELEMENTS--GENERAL INFORMATION
fixed length control field 000824s19uu xx 00 eng d
020 ## - INTERNATIONAL STANDARD BOOK NUMBER
International Standard Book Number 0-590-89743-8
050 ## - LIBRARY OF CONGRESS CALL NUMBER
Classification number M 553.7
Item number A82 1995
100 ## - MAIN ENTRY--PERSONAL NAME
Personal name Asch, Frank
245 ## - TITLE STATEMENT
Title Water /
Statement of responsibility, etc Frank Asch.
260 ## - PUBLICATION, DISTRIBUTION, ETC. (IMPRINT)
Place of publication, distribution, etc New York :
Name of publisher, distributor, etc Scholastic Inc,
Date of publication, distribution, etc 1995.
300 ## - PHYSICAL DESCRIPTION
Extent 1 v. (unp.) ; ill.
650 ## - SUBJECT ADDED ENTRY--TOPICAL TERM
Topical term or geographic name as entry element Water
Holdings
Withdrawn status Lost status Damaged status Home library Current library Shelving location Date acquired Source of acquisition Cost, normal purchase price Total Checkouts Full call number Barcode Date last seen Price effective from Koha item type
      Elizalde Library Elizalde Library Main Section 08/24/2000   213.00   M 553.7 A82 1995 E3963 04/12/2014 04/12/2014 Books

Water /

APA

Asch F., . (1995). Water. New York: Scholastic Inc.

Chicago

Asch Frank, . 1995. Water. New York: Scholastic Inc.

Harvard

Asch F., . (1995). Water. New York: Scholastic Inc.

MLA

Asch Frank, . Water. New York: Scholastic Inc. 1995.

  • Place hold
  • Print
  • Cite
  • Add to your cart (remove)
  • Save record
    BIBTEX Dublin Core MARCXML MARC (non-Unicode/MARC-8) MARC (Unicode/UTF-8) MARC (Unicode/UTF-8, Standard) MODS (XML) RIS
  • More searches
    Search for this title in:
    Other Libraries (WorldCat) Other Databases (Google Scholar) Online Stores (Bookfinder.com) Open Library (openlibrary.org)

Exporting to Dublin Core...

SOUTHVILLE LIBRARY

Southville International School and Colleges Library

1281 Tropical Ave. Cor. Luxembourg St., BF Homes International, Las Pinas City

Tel. No. 8256374 / 252358 Loc. 117/146

Powered by Koha